000 03205nam0a22005411 4500
001 RU\NLR\A1\1422
005 20260407103850.0
035 _a(NLR Aleph) 009671576
090 _a9663771
_c9663771
100 _a19961126d1799 m y0rusy50 ca
101 0 _arus
102 _aRU
135 _acrcn 024anaba
140 _ay y cayaa0000
200 1 _aОтец невидимка, или Сватался на матери, женился на дочери.
_eКомедия в трех действиях.
_fСочинена кн. Алексеем Голицыным
210 _aМосква
_cв Университетской типографии, у Ридигера и Клаудия
_d1799
215 _a75, [1] с.
_d
305 _aС того же набора отпечатано для т.2 "Сочинений и переводов кн. А.И.Голицына".
306 _aЦенз.: Моск. ценз.
316 _aЭкз. РНБ (18.297.2.18) в составном картон. пер., обтянутом коричнево-желтой бумагой, с коленкоровым коричневым корешком. На нижней крышке пер. экслибрис рус. фонда РНБ с шифром. Корешок гладкий. На корешке бумаж. наклейка с порядковым номером книги на полке «18». На форзаце ярлык с шифром РНБ. С.75 подклеена. Размер: 19,2х12,0х0,7 см
_5NLR: 18.297.2.18
317 _aЭкз. СПбГТБ из собрания вел. кн. Павла Александровича
_5СПбГТБ
321 1 _aСК XVIII 1500
325 _aКопия доступна в Электрон. б-ке РНБ
517 1 _aСватался на матери, женился на дочери
620 _dМосква
700 1 _4070
_8rus
_7ca
_aГолицын
_bА. И.
_f1765-1807
_gАлексей Иванович
_3RU\NLR\AUTH\7760488
_943419
702 1 _aРидигер
_bХ.
_gХристиан
_4610
702 1 _aКлаудий
_bХ.А.
_f-1805
_gХристофор Александрович
_4610
702 0 _4390
_8rus
_7ca
_aПавел Александрович
_cвеликий князь
_f1860-1919
_3RU\NLR\AUTH\7710047
_9119832
712 0 2 _4610
_aМосковский университет
_bТипография
_3RU\NLR\AUTH\889932963
_9361140
801 0 _aRU
_bNLR
_c19961126
852 _aNLR
_j18.297.2.18
856 0 _uhttp://vivaldi.nlr.ru/bx000017031/view
856 1 _uhttp://vivaldi.nlr.ru/bx000017031/cover
856 2 _uhttp://vivaldi.nlr.ru/bx000017031/text
899 _aСПбГТБ
899 _aБАН
899 _aГПИБ
942 _cBOOK
980 _aNB
980 3 _akpcivil
980 3 _akp
980 _aA1XVIIIv
981 2 0 _a(20) Книжные памятники РНБ
_b(20) Русский книжный фонд